| 000 | 00707nam a2200181Ia 4500 | ||
|---|---|---|---|
| 008 | 151202s9999||||xx |||||||||||||| ||und|| | ||
| 082 | _bPNVM-3739 | ||
| 100 | _aसरदार ग.बा. | ||
| 245 | _aमहाराष्ट्राचे उपेक्षित मानकरी. | ||
| 260 | _bगंगाधर बाळकृष्ण सरदार. | ||
| 260 | _c0 | ||
| 300 | _a0 | ||
| 600 | _aसरदार ग.बा. | ||
| 630 | _aमहाराष्ट्राचे उपेक्षित मानकरी. | ||
| 700 | _aसरदार ग.बा. | ||
| 730 | _aमहाराष्ट्राचे उपेक्षित मानकरी. | ||
| 942 | _cBOOK | ||
| 999 |
_c1269737 _d1269734 |
||